Wird geladen...

പ്രണയാഗ്നിയുമായി കാഫ്‍ക /

Bibliographische Detailangaben
1. Verfasser: ഹരിക‍ുമാര്‍, എം. കെ
Weitere Verfasser: Harikumar, M. K.
Format: Printed Book
Sprache:English
Veröffentlicht: തിരുവനന്തപുരം : പ്രഭാത്‌ ബുക്ക്‌ ഹൗസ്,
Schlagworte:
LEADER 00790nam a22001817a 4500
008 130729b xxu||||| |||| 00| 0 eng d
999 |c 2176  |d 2176 
020 |a 817705317926 
082 |a 894.14   |b HAR 
100 |a ഹരിക‍ുമാര്‍, എം. കെ. 
240 |a Pranayagniyumayi kafka 
245 |a പ്രണയാഗ്നിയുമായി കാഫ്‍ക /  |c എം. കെ. ഹരിക‍ുമാര്‍ 
260 |a തിരുവനന്തപുരം :  |b പ്രഭാത്‌ ബുക്ക്‌ ഹൗസ്, 
300 |a 120p. 
650 |a Essays 
700 |a Harikumar, M. K. 
942 |2 ddc  |c BK 
952 |0 0  |1 0  |2 ddc  |4 0  |6 894_140000000000000_HAR  |7 0  |9 2498  |a MAIN  |b MAIN  |d 2013-07-29  |e Prabhath Book House  |g 80.00  |o 894.14 HAR  |p 2692  |r 2013-07-29  |w 2013-07-29  |y BK